000 00628nam a2200253Ia 4500
003 OSt
005 20221007064009.0
006 a|||||r|||| 00| 0
007 ta
008 221006b |||||||| |||| 00| 0 eng d
020 _a0521613930
024 _a8,954
037 _cTextual
040 _aFLL
_cFLL
_beng
041 _2eng
_aeng
082 _aZ1, P3
100 _aShaw M.N.
_9685079
245 0 _aInternational law
250 _a5th
260 _aCambridge
_bCambridge University Press UK
_c2003
300 _acxlv,1288p
_ccm.
942 _hZ1, P3
_cTEXL
_2CC
999 _c1132744
_d1132744